| 000 | 00706nam a2200241 u 4500 | ||
|---|---|---|---|
| 003 | MX-MxUPN | ||
| 005 | 20240831063710.0 | ||
| 008 | 080310s2004 es r 000 0 spa d | ||
| 020 | _a8421831755 | ||
| 035 | _aUPN01000154939 | ||
| 040 |
_aUPN _bspa _cUPN |
||
| 049 | _aI | ||
| 050 | 4 |
_aPZ74.1 _bF3.7 |
|
| 100 | 1 |
_aFernández Gabaldón, Susana, _d1959- _932460 |
|
| 245 | 1 | 3 |
_aLa torre de los mil tiempos / _cSusana Fernández Gabaldón ; il. Marina Seoane. |
| 260 |
_aBarcelona, Esp. : _bCasals América, _c2004. |
||
| 300 |
_a107 p. : _bil. |
||
| 440 | 0 |
_aPunto juvenil ; _v75 |
|
| 650 | 4 |
_aCuentos infantiles españoles _97725 |
|
| 905 | _aInfantil | ||
| 942 |
_2lcc _cLIBRO |
||
| 999 |
_c127055 _d127055 |
||